000 00261nam a2200109Ia 4500
008 190216s9999||||xx |||||||||||||| ||und||
100 _aBari S A&Amp;Donami H V
245 0 _aPrinciples Of Book Keeping
260 _bWiley India
650 _aCommerce
942 _cBK
999 _c4601
_d4601